| 000 | 04202namaa22004211n 4500 | ||
|---|---|---|---|
| 003 | EG-GICUC | ||
| 005 | 20260409130556.0 | ||
| 008 | 260315s2025 ua a|||frm||| 000 0 eng d | ||
| 040 |
_aEG-GICUC _beng _cEG-GICUC _dEG-GICUC _erda |
||
| 041 | 0 |
_aeng _beng _bara |
|
| 049 | _aDeposit | ||
| 082 | 0 | 4 | _a621.314 |
| 092 |
_a621.314 _221 |
||
| 097 | _aM.Sc | ||
| 099 | _aCai01.13.07.M.Sc.2025.Ah.P | ||
| 100 | 0 |
_aAhmed Hamdy Mohamed Ibrahim Elsersy, _epreparation. |
|
| 245 | 1 | 0 |
_aPerformance of high voltage dc vacuum circuit breakers (electrostatic and thermal analysis) / _cby Ahmed Hamdy Mohamed Ibrahim Elsersy ; Supervisors Prof. Dr. Osama El-Sayed Gouda. |
| 246 | 1 | 5 | _aأداء القواطع المفرغة لدوائر الجهد العالي المستمر (تحليل كهروستاتيكي وحراري) |
| 264 | 0 | _c2025. | |
| 300 |
_a83 pages : _billustrations ; _c25 cm. + _eCD. |
||
| 336 |
_atext _2rda content |
||
| 337 |
_aUnmediated _2rdamedia |
||
| 338 |
_avolume _2rdacarrier |
||
| 502 | _aThesis (M.Sc)-Cairo University, 2025. | ||
| 504 | _aBibliography: pages 79-83. | ||
| 520 | 3 | _aThis thesis investigates the performance of High Voltage Direct Current (HVDC) vacuum circuit breakers, emphasizing electrostatic and thermal analyses. The study introduces the operational principles of vacuum circuit breakers and their components, focusing on the arc extinction process and critical parameters influencing circuit breaker functionality. Various simulation models are developed to analyze key aspects such as electric field distribution, contact material properties, and thermal performance. The findings demonstrate that the enhancements in model simulation and optimization can significantly improve the efficiency and reliability of vacuum circuit breakers in HVDC applications. This research contributes to a deeper understanding of HVDC systems and identifies potential areas for future study and technology advancement in electrical power engineering. | |
| 520 | 3 | _aتتناول هذه الرساله أداء قواطع الدائرة الفراغية للتيار المستمر عالي الجهد (HVDC)، مع التركيز على التحليلات الكهروستاتيكية والحرارية. قدم البحث المبادئ التشغيلية لقواطع الدائرة الفراغية ومكوناتها، مع تسليط الضوء على عملية إخماد القوس والمعلمات الأساسية التي تؤثر على وظيفة القاطع. تم تطوير نماذج محاكاة مختلفة لتحليل جوانب رئيسية مثل توزيع المجال الكهربائي، وخصائص مادة التلامس، والأداء الحراري. تُظهر النتائج أن تحسين محاكاة النماذج وعمليات التحسين يمكن أن يحسن بشكل كبير من كفاءة وموثوقية قواطع الدائرة الفراغية في تطبيقات التيار المستمر عالي الجهد. يساهم هذا البحث في تعزيز الفهم لأنظمة التيار المستمر عالي الجهد ويحدد مجالات محتملة للدراسات المستقبلية وتطوير التكنولوجيا في هندسة الطاقة الكهربائية. | |
| 530 | _aIssues also as CD. | ||
| 546 | _aText in English and abstract in Arabic & English. | ||
| 650 | 0 | _aElectrical engineering | |
| 650 | 0 | _aهندسة القوى الكهربية | |
| 653 | 1 |
_aHigh Voltage Direct Current _aElectrical Parameters _aCircuit Breakers _aVacuum Circuit Breakers _aVacuum Interrupters _aArc Extinction Process _aElectrostatic Analysis _aThermal Analysis _aContact Material _aModel Simulation _aالتيار المستمر عالي الجهد _aقواطع الدائرة الفراغية |
|
| 700 | 0 |
_aOsama El-Sayed Gouda _ethesis advisor. |
|
| 900 |
_b01-01-2025 _cOsama El-Sayed Gouda _dAhdab Mohamed Kamel El-Morshedy _dSayed Abo El-Sood Sayed Ward _UCairo University _FFaculty of Engineering _DDepartment of Electrical Power Engineering |
||
| 905 |
_aShimaa _eEman Ghareb |
||
| 942 |
_2ddc _cTH _e21 _n0 |
||
| 999 | _c179045 | ||